Matériaux de Zelda Breath of the Wild - Statistiques

Statistiques générales
  • Ce quiz a été pris 591 fois
  • Le résultat moyen est 44 sur 149
Statistiques - réponses
Réponse % Correct
Pomme
75%
Corne de Bokoblin
57%
Corne de Moblin
54%
Gelée Chuchu
54%
Diamant Brut
52%
Silex
52%
Rubis Brut
49%
Champi d'Hyrule
48%
Baie
47%
Champi Glagla
47%
Champi Tempo
47%
Piment
47%
Ambre Brut
46%
Champi Enduro
46%
Fagot de Bois
46%
Saphir Brut
46%
Viscère de Bokoblin
46%
Banane Lame
45%
Champi Armo
45%
Venaison
45%
Viscère de Moblin
45%
Corne de Lézalfos
44%
Corne de Lynel
44%
Ongle d'Hinox
43%
Truffe Max
43%
Venaison Divine
42%
Durian Max
41%
Opale Brut
41%
Radis Max
41%
Champi Piment
40%
Croc de Bokoblin
40%
Melon Glagla
40%
Œil de Chauve-Souris
40%
Queue de Lézalfos
40%
Sabot de Lynel
40%
Topaze Brut
40%
Venaison Fine
40%
Champi Lame
39%
Gemme Nox
39%
Gland
39%
Perche d'Hyrule
39%
Croc de Moblin
38%
Champi Volt
37%
Gelée Chuchu Rouge
37%
Herbes d'Hyrule
37%
Noix de Coco
37%
Champi Silencio
36%
Gelée Chuchu Jaune
35%
Princesse de la Sérénité
35%
Carotte Vigueur
34%
Citrouille Armo
34%
Gelée Chuchu Blanche
34%
Grosse Truffe Max
34%
Carotte Tempo
33%
Viscère de Lynel
33%
Fleur Silencio
32%
Grenouille Tempo
32%
Gros Radis Max
32%
Herbes Glagla
32%
Viscère d'Hinox
32%
Boisseau de Riz
31%
Cristal de Sel
31%
Fruit Volt
31%
Cœur Antique
30%
Lézard Ignifus
30%
Lézard Tempo
30%
Vis Antique
30%
Boisseau de Blé
29%
Champi Vigueur
29%
Fruit d'Oiseau
29%
Herbes Piment
29%
Libellule Glagla
29%
Fée
28%
Griffe de Lézalfos
28%
Lézard Max
28%
Motte de Beurre
28%
Papillon Glagla
28%
Perche Enduro
28%
Truite Glagla
28%
Herbes Volt
27%
Libellule Piment
27%
Perche Max
27%
Saumon Max
27%
Rouage Antique
26%
Papillon Piment
25%
Papillon Volt
25%
Truite Piment
25%
Truite Volt
25%
Dent d'Hinox
24%
Écaille de Nedrac
24%
Écaille de Rordrac
24%
Écaille d'Ordrac
24%
Fleur Armo
24%
Cœur Antique Géant
23%
Crabe Armo
23%
Viscère de Moldarquor
23%
Crabe Enduro
22%
Fleur Lame
22%
Libellule Volt
22%
Carpe Armo
21%
Carpe Lame
21%
Grenouille Vigueur
21%
Œuf de Volatile
21%
Viande de Volaille
21%
Crabe Lame
20%
Escargot Silencio
20%
Aile de Feu
19%
Aile de Glace
19%
Aile Electrique
19%
Baudruche Octo
19%
Fragment d'Étoile
19%
Griffe de Nedrac
19%
Griffe de Rordrac
19%
Griffe d'Ordrac
19%
Arbre Antique
18%
Papillon Ignifus
18%
Sauterelle Enduro
18%
Truite Silencio
18%
Violette Tempo
18%
Œil Octo
17%
Viande de Volaille Divine
17%
Viande de Volaille Fine
17%
Canne à Sucre
16%
Extrait de Monstre
16%
Turbo Max
16%
Aile Griffue
15%
Queue Rouge de Lézalfos
15%
Rayon de Miel Enduro
15%
Ressort Antique
15%
Scarabée Lame
15%
Aileron de Moldarquor
14%
Éclat de Corne de Nedrac
14%
Éclat de Corne de Rordrac
14%
Luciole de la Sérénité
14%
Queue Jaune de Lézalfos
14%
Tentacule Octo
14%
Bouteille de Lait Frais
13%
Dorade Lame
13%
Éclat de Corne d'Ordrac
13%
Fruit de Lotus Tempo
13%
Scarabée Armo
13%
Dorade Armo
12%
Flacon d'Épices Goron
12%
Queue Bleue de Lézalfos
12%
Scarabée Enduro
12%
Carpe Tricolore
11%
Éclat de Croc de Nedrac
10%
Éclat de Croc de Rordrac
10%
Éclat de Croc d'Ordrac
10%
Aucun quiz correspondant
Distribution des résultats
% des personnes avec chaque résultat
Percentile par nombre de réponses
Votre historique - résultats
Vous n’avez pas pris ce quiz